Decentralization, democratization, and informal power in Mexico /

"Explores the democratization and decentralization of governance in Mexico and finds that informal political networks continue to mediate citizens' relationships with their elected authorities. Analyzes the linkages between informal and formal power by comparing how they worked in three Me...

Full description

Bibliographic Details
Main Author: Selee, Andrew D.
Format: eBook
Language:English
Published: University Park : Pennsylvania State University Press, [2011]
Subjects:
Online Access:Connect to the full text of this electronic book

MARC

Tag First Indicator Second Indicator Subfields
LEADER 00000cam a22000004a 4500
001 in00003385521
005 20190405181255.0
006 m o d
007 cr |||||||nn|n
008 101209s2011 pau o d eng d
010 |z  2010049709 
020 |a 9780271053691 
020 |a 0271053690 
020 |z 9780271048437 (cloth : alk. paper) 
020 |z 0271048433 (cloth : alk. paper) 
035 |a (MdBmJHUP)muse9780271053691 
040 |a MdBmJHUP  |c MdBmJHUP  |d UtOrBLW 
043 |a n-mx--- 
050 0 0 |a JL1229.D42  |b S45 2011 
082 0 0 |a 320.972  |2 22 
100 1 |a Selee, Andrew D. 
245 1 0 |a Decentralization, democratization, and informal power in Mexico /  |c Andrew Selee. 
264 1 |a University Park :  |b Pennsylvania State University Press,  |c [2011] 
264 4 |c ©2011 
300 |a 1 online resource (xi, 191 pages :) :  |b illustrations 
336 |a text  |b txt  |2 rdacontent 
337 |a computer  |b c  |2 rdamedia 
338 |a online resource  |b cr  |2 rdacarrier 
504 |a Includes bibliographical references and index. 
520 |a "Explores the democratization and decentralization of governance in Mexico and finds that informal political networks continue to mediate citizens' relationships with their elected authorities. Analyzes the linkages between informal and formal power by comparing how they worked in three Mexican cities: Tijuana, Ciudad Nezahualcóyotl, and Chilpancingo"--Provided by publisher. 
588 |a Description based on print version record. 
500 |a Electronic resource. 
650 0 |a Democracy  |z Mexico. 
650 0 |a Decentralization in government  |z Mexico. 
651 0 |a Mexico  |x Politics and government. 
655 7 |a Electronic books.  |2 local 
856 4 0 |u http://proxy.library.tamu.edu/login?url=http://muse.jhu.edu/books/9780271053691/  |z Connect to the full text of this electronic book  |t 0 
999 |a MARS 
999 f f |s dea34ce7-5276-386d-b051-c6cfc143a523  |i 2530d4f8-003a-37db-a506-553a4ad4d121  |t 0 
952 f f |a Texas A&M University  |b College Station  |c Electronic Resources  |d Available Online  |t 0  |e JL1229.D42 S45 2011  |h Library of Congress classification 
998 f f |a JL1229.D42 S45 2011  |t 0  |l Available Online